Capitales des pays qui commencent par B - Statistiques

Statistiques générales
  • Ce quiz a été pris 294 fois
  • Le résultat moyen est 14 sur 19
Statistiques - réponses
B Pays Capitales % Correct
Belgique Bruxelles
97%
Brésil Brasilia
96%
Bulgarie Sofia
93%
Biélorussie Minsk
89%
Bolivie La Paz
85%
Bosnie-Herzégovine Sarajevo
85%
Sucre
85%
Bangladesh Dacca
77%
Burkina Faso Ouagadougou
73%
Bahamas Nassau
72%
Belize Belmopan
71%
Bénin Porto-Novo
61%
Botswana Gaborone
59%
Bahreïn Manama
59%
Brunei Bandar Seri Begawan
57%
Bhoutan Thimphou
57%
Birmanie Naypyidaw
56%
Barbade Bridgetown
50%
Burundi Bujumbura
44%
Aucun quiz correspondant
Distribution des résultats
% des personnes avec chaque résultat
Percentile par nombre de réponses
Votre historique - résultats
Vous n’avez pas pris ce quiz